000 00490nam a2200193Ia 4500
005 20230529093602.0
008 140110s9999 xx 000 0 und d
020 _a9780670085415
_cRs.399.00
040 _aLoreto College
041 _aEnglish
082 _a820(I)
_bSET
100 _aSeth,Vikram
245 4 _aThe rivered earth
_cVikram Seth
260 _aNew Delhi
_bHamish Hamilton
_c2011
300 _a104p.
650 _aIndian writing in English
850 _aLCLIB
942 _cBK
999 _c38547
_d89026